Geodetic control surveys /
Uložené v:
| Hlavný autor: | |
|---|---|
| Médium: | Kniha |
| Jazyk: | English |
| Vydané: |
Čína :
[s.n.],
1943.
|
| Vydanie: | 2nd ed. |
| ISBN: |
(brož.) |
| Fyzický popis: |
vii, 132 s. |
| Tagy: |
Pridať tag
Žiadne tagy, Buďte prvý kto otaguje tento záznam!
|
Titul je dostupný aj v ... 

MARC
| LEADER | 00000nam a22000002a 4500 | ||
|---|---|---|---|
| 001 | 000509607 | ||
| 005 | 20160620192336.0 | ||
| 008 | 140409s1943 ch e 000 0 eng d | ||
| 020 | |a (brož.) |c Kčs 10,10 | ||
| 040 | |a SVKKK |b slo |c SVKKK |e AACR2 | ||
| 041 | 0 | |a eng | |
| 044 | |a ch |c CN | ||
| 100 | 1 | |a Sharp, Howard Oakley |4 aut | |
| 245 | 1 | 0 | |a Geodetic control surveys / |c by H. O. Sharp. |
| 250 | |a 2nd ed. | ||
| 260 | |a Čína : |b [s.n.], |c 1943. | ||
| 300 | |a vii, 132 s. | ||
| 910 | |a svkkk | ||
| 998 | |a BK | ||
| 090 | |g SCKHL |k Sklad Pribinova 1. posch. |a IV.5583 |j 100898 |i 509607-10 |s Prezenčne | ||